Stranger Things S1:E4 - Statistics

General Stats
  • This quiz has been taken 50 times
  • The average score is 7 of 20
Answer Stats
Hint Answer % Correct
What song does Mike hear Will singing on the walkie-talkie? Should I Stay Or Should I Go?
81%
Who tries on the blond wig before Eleven wears it? Dustin
78%
How many pieces are there to the ripped up photo of Barb at the pool? 5
70%
All of the scientists are wearing white hazmat suits apart from Shephard. What color is his hazmat suit? Yellow
68%
What animal does Nancy tell the officers that she saw at Steve's house? A bear
65%
What does Joyce use to protect herself as she sits on the couch? An axe
62%
Where is "Eleanor", Mike's "second cousin", from? Sweden
57%
When Hopper performs his own autopsy, what does he find is in Will's body? Stuffing
46%
What did Hopper "forget" at the morgue? His Hat
35%
Where does Troy say Will is? Fairyland
32%
Which X-Man does Dustin say Eleven's powers are like? Professor X
32%
When talking to Mike, Karen tells Mike he can go to the video store and pick out whatever he wants, even...? R-rated
30%
Things have been chaotic at the medical examiner's office without... Gary
22%
What is the name of the state trooper that discovered Will's body? David O'Bannon
14%
The first casket that the funeral director shows to Jonathan is made of soft wood and what interior? Crepe
5%
Which of Mike's neighbors have a baby? The Blackburns
5%
What is the time on the clock at Hawkins Lab stopped at in the Upside Down? (Please type in 0:00:00 format) 6:54:08
3%
What is the first word that Eleven delivers through the PA system that the man was saying? Apricot
0%
Sandy Sloane is the local grief counselor from the church in which city? Jonesboro
0%
What is the winning word in Sarah's spelling bee contest, meaning toothache? Odontalgia
0%
No matching quizzes found
Score Distribution
Percent of People with Each Score
Percentile by Number Answered
Your Score History
You have not taken this quiz